000 00273nam a2200109Ia 4500
008 200302s9999 xx 000 0 und d
100 _aLucinda Becker and Others
245 _aTeaching in higher education
260 _bSage Publications Inc.
260 _c2013
300 _a163
999 _c5924
_d5924